000 00482nam a2200169Ia 4500
008 090711s9999 xx 000 0 und d
082 _b71195
100 _aगांगल वसंत
245 _aमन पिसाटमाझे
260 _c1990
300 _a324
600 _aगांगल वसंत
630 _aमन पिसाटमाझे
700 _aगांगल वसंत
730 _aमन पिसाटमाझे
942 _cBOOK
999 _c304087
_d304087